Dovolenka - čerpanie a krátenie
Základná výmera dovolenky. Spôsob čerpania dovolenky. Hromadné čerpanie dovolenky. Krátenie dovolenky. Príklady.
Salvato in:
| Autore principale: | |
|---|---|
| Natura: | Capitolo di libro |
| Lingua: | slovacco |
| Soggetti: | |
| Tags: |
Nessun Tag, puoi essere il primo ad aggiungerne!!
|
MARC
| LEADER | 00000naa a2200000 4500 | ||
|---|---|---|---|
| 001 | 0286260 | ||
| 005 | 20240417075208.4 | ||
| 041 | 0 | |a slo | |
| 044 | |a SK | ||
| 245 | 1 | 0 | |a Dovolenka - čerpanie a krátenie |c Miroslav Tichý |
| 520 | |a Základná výmera dovolenky. Spôsob čerpania dovolenky. Hromadné čerpanie dovolenky. Krátenie dovolenky. Príklady. | ||
| 610 | 2 | 0 | |a dovolenka |
| 610 | 2 | 0 | |a právo pracovné |
| 610 | 2 | 0 | |a zotavenie |
| 610 | 2 | 0 | |a zamestnávatelia |
| 610 | 2 | 0 | |a zamestnanci |
| 100 | 1 | |a Tichý, Miroslav | |